000 00401cam a22001097a 4500
008 180718b xxu||||| |||| 00| 0 eng d
082 _aT344x54 In2n
245 _aNational Seminar On Consumer Protection In India Lessons Learnt And Future Challenges
_cCentre for Consumer Studies
260 _aNew Delhi
_bIndian Institute of Public Administration
_c
300 _a89p.
650 _aConsumer Protection - India
999 _c502698
_d502698